000 01419nam a22003735a 4500
003 EG-ScBUE
005 20220517102312.0
008 140508t2008 maua f b 001 0 eng d
020 _a9781413008401
020 _a1413008402
040 _aEG-ScBUE
_beng
_erda
_cEG-ScBUE
_dEG-ScBUE
082 0 4 _222
_a425
_bCAR
100 1 _914467
_aCarlisi, Karen,
_eauthor.
245 1 0 _aGrammar connection 3 :
_bstructure through content /
_cKaren Carlisi ; series editors Marianne Celce-Murcia, M. E. Sokolik.
264 1 _aBoston, MA :
_bHeinle,
_c[2008]
264 1 _cc2008
300 _axv, 320 pages :
_bcolor illustrations ;
_c28 cm.
336 _2rdacontent
_atext
_btxt
337 _2rdamedia
_aunmediated
_bn
338 _2rdacarrier
_avolume
_bnc
490 0 _aGrammar connection series
500 _aIncludes appendix.
504 _aIncludes bibliographical references and index.
590 _ayassmeen ashraf
650 7 _913890
_aEnglish language
_xGrammar
_vProblems, exercises, etc.
_2BUEsh
650 7 _910347
_aEnglish language
_xSpoken English
_vProblems, exercises, etc.
_2BUEsh
650 7 _923274
_aEnglish language
_xBusiness English
_vProblems, exercises, etc.
_2BUEsh
651 _2BUEsh
653 _cAugust2015
_bHHUUEENN
655 _vReading book
_934232
700 1 _935974
_aCelce-Murcia, Marianne
_eeditor.
700 1 _935975
_aSokolik, M. E.
_q(Margaret E.)
_eeditor.
942 _2ddc
_k425 CAR
_cBB
999 _c18272
_d18244